000 00429nam a2200145Ia 4500
008 231129s1996||||xx |||||||||||||| ||spa||
020 _a958-9393-06-3
040 _bspa
082 _aR 720.9861 S162c
100 _aSaldarriaga Roa Alberto
245 0 _aCasa Republicana: La bella época en Colombia
260 _c1996
264 _aBogotá Colombia : Villegas editores
942 _2ddc
_cBKS
999 _c6755
_d6755